[Event "Catalunya-chT Gp2"]
[Site "Barcelona"]
[Date "2025.01.25"]
[Round "2.5"]
[White "Nieto Farreny, Francesc"]
[Black "Jimenez Ruano, Adrian"]
[Result "1-0"]
[WhiteElo "2183"]
[BlackElo "2205"]
[PlyCount "57"]
[EventDate "2025.01.18"]
[EventType "team-tourn"]
[EventRounds "5"]
[EventCountry "ESP"]
[SourceTitle "CB07_2025"]
[SourceDate "2025.02.12"]
[SourceVersion "1"]
[SourceVersionDate "2025.02.12"]
[SourceQuality "1"]
[WhiteTeam "Cerdanyola Valles"]
[BlackTeam "Vila Olimpica"]
[WhiteTeamCountry "ESP"]
[BlackTeamCountry "ESP"]

1. d4 Nf6 2. Bg5 d5 3. Bxf6 exf6 4. e3 Bd6 5. Nd2 0-0 6. Qf3 c6 7. Bd3 Re8 8. Ne2 Nd7 9. 0-0-0 Nf8 10. g4 a5 11. h4 a4 12. Rdg1 b5 13. g5 fxg5 14. Rxg5 Be7 15. Rg2 Bf6 16. Nf4 g6 17. h5 Bg7 18. hxg6 fxg6 19. Nxg6 Nxg6 20. Bxg6 hxg6 21. Rxg6 Re6 22. Rxg7+ Kxg7 23. Qh5 Qe8 24. Qh7+ Kf8 25. Rg1 Qf7 26. Qh8+ Ke7 27. Rg7 Bb7 28. Rxf7+ Kxf7 29. Qh7+ 1-0

[Event "Catalunya-chT Gp2"]
[Site "Barcelona"]
[Date "2025.01.18"]
[Round "1.5"]
[White "Ano Pla, Gerard"]
[Black "Jimenez Ruano, Adrian"]
[Result "1-0"]
[WhiteElo "2307"]
[BlackElo "2205"]
[PlyCount "69"]
[EventDate "2025.01.18"]
[EventType "team-tourn"]
[EventRounds "5"]
[EventCountry "ESP"]
[SourceTitle "CB07_2025"]
[SourceDate "2025.02.12"]
[SourceVersion "1"]
[SourceVersionDate "2025.02.12"]
[SourceQuality "1"]
[WhiteTeam "Lira Vendrellenca"]
[BlackTeam "Vila Olimpica"]
[WhiteTeamCountry "ESP"]
[BlackTeamCountry "ESP"]

1. d4 Nf6 2. c4 e6 3. Nc3 Bb4 4. a3 Bxc3+ 5. bxc3 0-0 6. f3 d5 7. cxd5 exd5 8. e3 Nh5 9. g3 Re8 10. Bd3 Qf6 11. Ra2 c5 12. Rf2 Nc6 13. Ne2 Qd6 14. 0-0 Nf6 15. g4 c4 16. Bc2 b5 17. Ng3 a5 18. g5 Nd7 19. e4 Nf8 20. e5 Qb8 21. f4 b4 22. f5 Qb6 23. Qh5 bxc3 24. g6 fxg6 25. fxg6 h6 26. Nf5 Bxf5 27. Qxf5 Qxd4 28. Bxh6 Nxe5 29. Bf4 Re6 30. Bxe5 Rxe5 31. Qf7+ Kh8 32. Kh1 Ne6 33. Qf8+ Nxf8 34. Rxf8+ Rxf8 35. Rxf8# 1-0

[Event "Iberoamerican-ch 10th"]
[Site "Linares"]
[Date "2024.09.29"]
[Round "7"]
[White "Jimenez Ruano, Adrian"]
[Black "Buiza Prieto, Eihartze"]
[Result "0-1"]
[WhiteElo "2255"]
[BlackElo "2056"]
[PlyCount "100"]
[EventDate "2024.09.25"]
[EventType "swiss"]
[EventRounds "9"]
[EventCountry "ESP"]
[SourceTitle "EXT 2025"]
[Source "ChessBase"]
[SourceDate "2024.10.14"]
[SourceVersion "1"]
[SourceVersionDate "2024.10.14"]
[SourceQuality "1"]

1. d4 Nf6 2. c4 e6 3. Nc3 d5 4. Nf3 dxc4 5. e3 c5 6. Bxc4 Nc6 7. 0-0 Be7 8. Qe2 a6 9. Rd1 Qc7 10. dxc5 Bxc5 11. a3 b5 12. Ba2 0-0 13. Bd2 Bb7 14. Rac1 Ba7 15. Bb1 Rac8 16. Ng5 Bb8 17. f4 Qb6 18. Nce4 Nxe4 19. Nxe4 Bxf4 20. Nc5 Be5 21. Nd7 Qc7 22. Nxf8 Rxf8 23. Qh5 g6 24. Qh4 Bxb2 25. Rc2 Bxa3 26. Bc3 Be7 27. Qh6 e5 28. Rf1 a5 29. Rcf2 Nd8 30. Rf5 Qc6 31. R5f3 Bg5 32. Qxg5 Qxc3 33. Rh3 Qb2 34. Bd3 b4 35. Rf2 Qa1+ 36. Rf1 Qb2 37. Rf2 Qa1+ 38. Bf1 e4 39. Rf6 Re8 40. Qb5 Qxf6 41. Qxe8+ Kg7 42. Qb5 Qf5 43. Qb6 Qd5 44. Rh4 Ne6 45. Bc4 Qxc4 46. Qxb7 Qc1+ 47. Kf2 Qd2+ 48. Kf1 Qc1+ 49. Ke2 Qc2+ 50. Kf1 b3 0-1

[Event "Barcelona IM 07"]
[Site "Barcelona"]
[Date "2024.08.08"]
[Round "9"]
[White "Jimenez Ruano, Adrian"]
[Black "Valenzuela Gomez, Fernando Alberto"]
[Result "1/2-1/2"]
[WhiteElo "2252"]
[BlackElo "2358"]
[PlyCount "20"]
[EventDate "2024.07.31"]
[EventType "tourn"]
[EventRounds "9"]
[EventCountry "ESP"]
[EventCategory "1"]
[SourceTitle "CBM 221 Extra"]
[Source "ChessBase"]
[SourceDate "2024.09.30"]
[SourceVersion "1"]
[SourceVersionDate "2024.09.30"]
[SourceQuality "1"]

1. d4 Nf6 2. c4 e6 3. Nc3 d5 4. cxd5 exd5 5. Bg5 c6 6. e3 Be7 7. Bd3 h6 8. Bh4 0-0 9. Nge2 Nbd7 10. 0-0 Re8 1/2-1/2

[Event "Barcelona IM 07"]
[Site "Barcelona"]
[Date "2024.08.06"]
[Round "7"]
[White "Jimenez Ruano, Adrian"]
[Black "Sentissi, Yassine"]
[Result "1/2-1/2"]
[WhiteElo "2252"]
[BlackElo "2142"]
[PlyCount "29"]
[EventDate "2024.07.31"]
[EventType "tourn"]
[EventRounds "9"]
[EventCountry "ESP"]
[EventCategory "1"]
[SourceTitle "CBM 221 Extra"]
[Source "ChessBase"]
[SourceDate "2024.09.30"]
[SourceVersion "1"]
[SourceVersionDate "2024.09.30"]
[SourceQuality "1"]

1. d4 d5 2. c4 e6 3. Nc3 Nf6 4. cxd5 exd5 5. Bg5 Bb4 6. e3 h6 7. Bxf6 Qxf6 8. Qb3 Qd6 9. a3 Bxc3+ 10. Qxc3 Bf5 11. Ne2 Nd7 12. Rc1 c6 13. Ng3 Bg6 14. Bd3 Bxd3 15. Qxd3 1/2-1/2

[Event "Titled Tuesday intern op 16th Jul Early"]
[Site "Chess.com INT"]
[Date "2024.07.16"]
[Round "3"]
[White "Jimenez Ruano, Adrian"]
[Black "Williams, Simon Kim"]
[Result "0-1"]
[WhiteElo "2252"]
[BlackElo "2450"]
[PlyCount "66"]
[EventDate "2024.07.16"]
[EventType "swiss (blitz)"]
[EventRounds "11"]
[EventCountry "USA"]
[SourceTitle "EXT 2025"]
[Source "ChessBase"]
[SourceDate "2024.10.14"]
[SourceVersion "1"]
[SourceVersionDate "2024.10.14"]
[SourceQuality "1"]

1. Nf3 f5 2. d3 Nc6 3. e4 e5 4. Nc3 Nf6 5. d4 fxe4 6. Nxe5 d6 7. Nxc6 bxc6 8. Bg5 d5 9. f3 h6 10. Bh4 Bb4 11. Be2 0-0 12. 0-0 exf3 13. Bxf3 Ba6 14. Re1 Qd7 15. Qd2 Bd6 16. Na4 Qf5 17. Nc5 Bxc5 18. dxc5 Rae8 19. Qa5 Bc8 20. Qxc7 Ne4 21. Qxc6 Re6 22. Qa4 Rfe8 23. Qd4 Rg6 24. Re2 Qxf3 25. Qxd5+ Kh7 26. Rae1 Qg4 27. Bg3 Bf5 28. Rf1 Rf6 29. Rf4 Qxe2 30. Rxf5 Nxg3 31. hxg3 Qe1+ 32. Kh2 Qe6 33. Qxe6 Rexe6 0-1

[Event "Titled Tuesday intern op 21st Nov Late"]
[Site "Chess.com INT"]
[Date "2023.11.21"]
[Round "5"]
[White "Jimenez Ruano, Adrian"]
[Black "Banzea, Alexandru Bogdan"]
[Result "0-1"]
[WhiteElo "2281"]
[BlackElo "2394"]
[PlyCount "72"]
[EventDate "2023.11.21"]
[EventType "swiss (blitz)"]
[EventRounds "11"]
[EventCountry "USA"]
[SourceTitle "EXT 2025"]
[Source "ChessBase"]
[SourceDate "2024.10.14"]
[SourceVersion "1"]
[SourceVersionDate "2024.10.14"]
[SourceQuality "1"]

1. Nf3 Nf6 2. c4 g6 3. b3 Bg7 4. Bb2 0-0 5. g3 d6 6. Bg2 e5 7. 0-0 c6 8. d3 Re8 9. Nbd2 Nbd7 10. Qc2 a6 11. Rac1 b6 12. Rfd1 Bb7 13. b4 c5 14. a3 h6 15. Ne4 Nf8 16. Nfd2 Rb8 17. Nxf6+ Bxf6 18. Bxb7 Rxb7 19. Ne4 Bg7 20. Nc3 f5 21. Nd5 f4 22. Qa4 e4 23. Bxg7 Kxg7 24. dxe4 fxg3 25. hxg3 Rxe4 26. Qc6 Rf7 27. e3 Qg5 28. Nf4 Rxe3 29. fxe3 Qxg3+ 30. Qg2 Qxe3+ 31. Qf2 Qe5 32. Rf1 Kh7 33. Qg3 Rf5 34. Ne2 Rg5 35. Rxf8 Rxg3+ 36. Nxg3 Qe3+ 0-1

[Event "Titled Tuesday intern op 21st Nov Late"]
[Site "Chess.com INT"]
[Date "2023.11.21"]
[Round "9"]
[White "Jimenez Ruano, Adrian"]
[Black "Vemparala, Nikash"]
[Result "0-1"]
[WhiteElo "2281"]
[BlackElo "2257"]
[PlyCount "142"]
[EventDate "2023.11.21"]
[EventType "swiss (blitz)"]
[EventRounds "11"]
[EventCountry "USA"]
[SourceTitle "EXT 2025"]
[Source "ChessBase"]
[SourceDate "2024.10.14"]
[SourceVersion "1"]
[SourceVersionDate "2024.10.14"]
[SourceQuality "1"]

1. Nf3 d5 2. b3 Nd7 3. Bb2 c5 4. e3 Ngf6 5. c4 e6 6. Be2 Be7 7. 0-0 0-0 8. Nc3 b6 9. cxd5 exd5 10. d4 Bb7 11. Rc1 Ne4 12. Nxe4 dxe4 13. Nd2 Nf6 14. Qc2 Rc8 15. Qb1 Qd7 16. Rfd1 Rfd8 17. dxc5 Bxc5 18. Nxe4 Bxe4 19. Rxd7 Bxb1 20. Rxd8+ Rxd8 21. Rxb1 Rd2 22. Bf3 Nd5 23. Kf1 Nb4 24. Ke1 Rxb2 25. Rxb2 Nd3+ 26. Kd2 Nxb2 27. Kc3 Ba3 28. b4 b5 29. Bc6 a6 30. Bb7 Nc4 31. Bxa6 Nd6 32. Kb3 Bc1 33. a4 bxa4+ 34. Kxa4 Kf8 35. b5 Ke7 36. b6 Kd7 37. e4 Nxe4 38. Kb5 Nd6+ 39. Kc5 Ba3+ 40. Kd5 f6 41. f3 Bb4 42. h3 Ba5 43. b7 Bc7 44. f4 Bb8 45. g4 Ne8 46. Bb5+ Ke7 47. f5 Nc7+ 48. Kc6 Nxb5 49. Kxb5 Kd6 50. Kb6 Kd7 51. Kb5 Kc7 52. Ka6 Kc6 53. h4 h6 54. h5 Kc7 55. Kb5 Kxb7 56. Kc5 Kc7 57. Kd5 Kd7 58. Kc5 Bf4 59. Kd5 Bg5 60. Kc5 Kc7 61. Kd5 Kd7 62. Kc5 Bf4 63. Kd5 Bd6 64. Kc4 Kc6 65. Kd4 Be5+ 66. Kc4 Kd6 67. Kd3 Kd5 68. Ke3 Bd4+ 69. Kf4 Bc5 70. g5 fxg5+ 71. Kg4 Ke5 0-1